| 000 | 00663cam a22002171 4500 | ||
|---|---|---|---|
| 001 | BD-DhSAU 6613 | ||
| 003 | BD-DhSAU | ||
| 005 | 20150510132708.0 | ||
| 008 | 740614s1957 enka 001 0 eng | ||
| 040 | _aBD-DhSAU | ||
| 082 |
_a633 _222 _bBAM |
||
| 100 | 1 | _aBates, William Noel. | |
| 245 | 1 | 0 |
_aMechanization of tropical crops / _cW. N. Bates & With a foreword by Cornelius Davies. |
| 260 |
_aLondon : _bTemple Press , _cc1957. |
||
| 300 |
_axiii, 410 p. : _bill. ; _c22cm. |
||
| 504 | _aIncludes bibliographical references & index. | ||
| 590 | _a Jerin | ||
| 650 | 0 | _aTropical crops. | |
| 650 | 0 | _aAgricultural machinery. | |
| 650 | 0 | _aFarm mechanization. | |
| 942 |
_2ddc _cBOOK |
||
| 999 |
_c6613 _d6613 |
||